000 00634nam a2200205 i 4500
001 155538
003 ES-MaACL
005 20260616130211.0
008 010919s1889 sp |||| | spa d
040 _aCCPB | B
_bspa
_cCCPB | B
100 0 _aHomero
_964112
245 1 3 _aLa batracomiomaquia /
_cHomero ; traducida directamente del griego por Genaro Alenda.
250 _a2ª ed.
260 _aMadrid :
_b[s.n.],
_c1889 (
_ftipografía del Ejército Español)
300 _a32 p. ;
_c27 cm.
700 0 _aAlenda y Mira, Jenaro.
_919742
852 _aES-MaACL
_jFol-Laf-97
_z-- Rust.
999 _c155538
_d155538